00413 a2200133 4500020001100000035001300011037004900024082000800073100001900081245009000100260003100190300003300221500002500254 c250.00 aB-147736 bRP-BLIII-357 / PANSY-05-06:15 / RP-05-06:ENG14a0001 aAggarwal, R.S.1 aS.Chand's advanced objective general knowledgeb11000 plus questionscby R.S.Aggarwal aNew DelhibS. Chandc2006r aVarious pagingsc25 cm (pbk) aThis is reprint 2006